Normal view
MARC view
Entry Personal Name
001 - CONTROL NUMBER
- control field: 22808
003 - CONTROL NUMBER IDENTIFIER
- control field: ARRUPE
005 - DATE AND TIME OF LATEST TRANSACTION
- control field: 20160308112109.0
008 - FIXED-LENGTH DATA ELEMENTS
- fixed length control field: 160308|| aca||aabn | a|a d
040 ## - CATALOGING SOURCE
- Original cataloging agency: ARRUPE
- Transcribing agency: ARRUPE
100 ## - HEADING--PERSONAL NAME
- Personal name: Cope, A. T.
- Fuller form of name: (Anthony Trevor),
- Dates associated with a name: 1928-
670 ## - SOURCE DATA FOUND
- Source citation: Work cat.: (ARRUPE)0: Cope, A. T. (Anthony Trevor), 1928-, A comprehensive course in the ZULU language /, 1984